| 000 | 00789nas a2200265 4500 | ||
|---|---|---|---|
| 001 | BR0201593 | ||
| 003 | BR-BrBNA | ||
| 005 | 20231205102834.0 | ||
| 007 | ta | ||
| 008 | 230509b bl.|||p| |||| 00| 00por d | ||
| 040 |
_aBR-BrBNA _bpor _cBiblioteca Nacional de Agricultura |
||
| 041 | _a(Pt) | ||
| 072 | _aF30 | ||
| 100 | 1 | _aSantos, C.A.F. | |
| 100 | 1 | _aAraújo, F.P. de | |
| 100 | 1 | _aMenezes, E.A. | |
| 245 | 1 | _aAvaliação de genótipos de guandu de diferentes ciclos e portes no sertão pernambucano | |
| 650 | _aGuandu | ||
| 650 | _aLeguminosa Forrageira | ||
| 650 | _aGenótipo | ||
| 650 | _aPernambuco | ||
| 773 | 0 |
_tMagistra (Brazil) _xISSN 0102-5333 _g(Jan-Dec 2000), v. 12(1-2) p. 31-40 _wBR0201593 |
|
| 909 |
_a202311 _bLúcia _c55 _dLúcia Elande |
||
| 942 |
_2AGRIS _n0 _cANA |
||
| 999 |
_c169627 _d169627 |
||